| 000 | 00400nam a2200145 a 4500 | ||
|---|---|---|---|
| 001 | 5207 | ||
| 003 | CDMR | ||
| 005 | 20130116135305.0 | ||
| 008 | 130130s1994||||||||||||||||||||||||||||d | ||
| 040 |
_aCDMR _bcat _cCPC GIRONA |
||
| 245 | 0 |
_aMaçanet de la Selva _cTaller d'Història |
|
| 260 |
_c1994 _bDiputació de Girona / Caixa Girona |
||
| 490 | 0 |
_aQuaderns de la Revista de Girona _v50 _9103 |
|
| 942 | _cMON | ||
| 999 |
_c5207 _d5207 |
||